00616nam a2200193 a 450000100060000000300090000600800410001502000180005604000280007408200140010210000320011624500520014826000300020030000100023065000170024094200120025799900170026995201360028623630CO-ViMGA141112s2004 ck r 000 u spa d a9789701072882 aCO-ViMGAbspacCO-ViMGA04a657 R653c1 aRomero Lopez, Javier93414210aContabilidad Avanzada 2 / cJavier Romero Lopez aMéxico : bMc Graw Hill a319p.14aCONTABILIDAD 2ddccBK c31745d31745 00102ddc40708002aMEVIECARbMEVIECARd2015-12-04h13/may/2011l0o657 R653c p24513r2015-12-04 00:00:00tEj. 1w2015-12-04yBK